Kdy a jak konsignační sklad. Na co by se nemělo zapomenout při uzavírání smlouvy mezi výrobcem a skladovatelem.

Konsignačné sklady využívané ako nástroje aktívnej marketingovej politiky. Konsignačný sklad ako významná opora v súťaži s konkurenciou. Sklad umožňuje priblíženie tovaru k zákazníkovi, kratšie dodacie lehoty. Zriaďovanie konsignačných skladov. Vzor zmluvy o zriadení a prevádzke konsignačného skladu...

Full description

Saved in:
Bibliographic Details
Main Author: Bejček, Josef
Format: Book Chapter
Language:Czech
Subjects:
Tags: Add Tag
No Tags, Be the first to tag this record!

MARC

LEADER 00000naa a2200000 4500
001 r013087
005 20221213081127.7
041 0 |a cze 
044 |a CZ 
245 1 0 |a Kdy a jak konsignační sklad.  |b Na co by se nemělo zapomenout při uzavírání smlouvy mezi výrobcem a skladovatelem.  |c Josef Bejček 
520 |a Konsignačné sklady využívané ako nástroje aktívnej marketingovej politiky. Konsignačný sklad ako významná opora v súťaži s konkurenciou. Sklad umožňuje priblíženie tovaru k zákazníkovi, kratšie dodacie lehoty. Zriaďovanie konsignačných skladov. Vzor zmluvy o zriadení a prevádzke konsignačného skladu. Povinnosti a oprávnenie výrobcu a konsignatára. 
610 2 0 |a sklady konsignačné 
610 2 0 |a skladovanie 
610 2 0 |a zmluvy hospodárske 
100 1 |a Bejček, Josef